00638nam a2200217Ia 4500003000900000008004100009040001300050040001300063041000800076100001800084245002900102250001300131260001100144260000900155300001100164300001200175490000600187942000700193999001700200952020300217IT-RoPAU120407s9999 xx 000 0 und d aIT-RoPAU cIT-RoPAU afra aZuazua Damase aMystique (la) africaine. aKinshasa aBaobab c1993 a371 p. c23,5 cm v1 cBK c33578d33578 00102ddc406248_400000000000000_5371aPAULUSbPAULUSd2012-04-11l0o248.4.53r2012-04-11 00:00:00w2012-04-11yBKzInserito da: Jole In data: 27 settembre 2011 fondo: Via A.Severo 56 Progr:26880